000 00768nam a2200229Ia 4500
003 GCL
008 140319s9999 xx 000 0 ara d
040 _aGCL /
_cGCL
082 0 4 _a811.06
_bع ق
100 1 _aيوسف زيدان
245 1 0 _aقصيدة النادرات العينية /
_cيوسف زيدان
700 1 _aالجيلى , قطب الدين عبدالكريم
700 1 _aالنابلسى، ابوعثمان النابلسى
260 _aبيروت :
_bدار الجيل ،
_c1988
300 _a207 ص ؛
_c24 سم
490 _a
650 0 4 _aالشعر العربى
650 0 4 _aدواوين وقصائد
650 0 4 _aالشعر الصوفى
650 0 4 _aالجيلى, قطب الدين عبد الكريم ب
942 _2ddc
_cBK
999 _c59068
_d59068